000 00399nam a22001457a 4500
999 _c7381
_d7379
005 20210904124547.0
008 200620b xxu||||| |||| 00| 0 eng d
082 _a345.4 AIR
110 _aALL INDIA REPORTER
_96875
245 _aALL INDIA REPORTER [JUNR-2019], [6] VOL-106, [PART-1266]
260 _aMUMBAI
_bALL INDIA REPORTER, PVT. LTD.
300 _a136;p
650 _aLAW
_95701
942 _cJRL